| 000 | 00690nam a2200205 a 4500 | ||
|---|---|---|---|
| 020 | _a0880223480 : | ||
| 082 | 0 | 0 |
_a004.56 _bBER _cDonation |
| 100 | 1 |
_aBerliner, Don, _936597 |
|
| 245 | 1 | 0 |
_aManaging your hard disk / _cDon Berliner with Chris DeVoney ; revised by Francis X. Bolton. |
| 250 | _a2nd ed. | ||
| 260 |
_aCarmel, Ind. : _bQue Corp., _cc1988. |
||
| 300 |
_axxiv, 601 p. : _bill. ; _c24 cm. |
||
| 500 | _aIncludes index. | ||
| 526 |
_a0 _b0 _c0 _d004_560000000000000_BER |
||
| 650 | 0 |
_aFile organization (Computer science) _936598 |
|
| 650 | 0 |
_aHard disks (Computer science) _936599 |
|
| 700 | 1 |
_aBolton, Francis X. _936600 |
|
| 700 | 1 |
_aDeVoney, Chris. _936601 |
|
| 942 |
_2ddc _cBK |
||
| 999 |
_c541617 _d541617 |
||